<?xml version="1.0" encoding="UTF-8"?>
<collection xmlns="http://www.loc.gov/MARC21/slim">
 <record>
  <leader>04395nam a2200457 i 4500</leader>
  <controlfield tag="001">000664981</controlfield>
  <controlfield tag="003">StDuBDS</controlfield>
  <controlfield tag="005">20200303181221.0</controlfield>
  <controlfield tag="006">m|||||o||d||||||||</controlfield>
  <controlfield tag="007">cr |||||||||||</controlfield>
  <controlfield tag="008">190205s2019    nyu    fob    001|0|eng|d</controlfield>
  <datafield tag="STA" ind1=" " ind2=" ">
   <subfield code="a">NEZPRACOVANÝ IMPORT</subfield>
  </datafield>
  <datafield tag="020" ind1=" " ind2=" ">
   <subfield code="a">9780190469801 (ebook) :</subfield>
   <subfield code="c">No price</subfield>
  </datafield>
  <datafield tag="050" ind1=" " ind2="0">
   <subfield code="a">HB846.8</subfield>
   <subfield code="b">.O84 2019</subfield>
  </datafield>
  <datafield tag="082" ind1="0" ind2="4">
   <subfield code="a">302.13</subfield>
   <subfield code="2">23</subfield>
  </datafield>
  <datafield tag="245" ind1="0" ind2="4">
   <subfield code="a">The Oxford handbook of public choice.</subfield>
   <subfield code="n">Volume 2 /</subfield>
   <subfield code="c">edited by Roger D. Congleton, Bernard Grofman, and Stefan Voigt.</subfield>
  </datafield>
  <datafield tag="246" ind1="3" ind2="0">
   <subfield code="a">Public choice</subfield>
  </datafield>
  <datafield tag="264" ind1=" " ind2="1">
   <subfield code="a">New York :</subfield>
   <subfield code="b">Oxford University Press,</subfield>
   <subfield code="c">2019.</subfield>
  </datafield>
  <datafield tag="300" ind1=" " ind2=" ">
   <subfield code="a">1 online resource.</subfield>
  </datafield>
  <datafield tag="336" ind1=" " ind2=" ">
   <subfield code="a">text</subfield>
   <subfield code="2">rdacontent</subfield>
  </datafield>
  <datafield tag="337" ind1=" " ind2=" ">
   <subfield code="a">computer</subfield>
   <subfield code="2">rdamedia</subfield>
  </datafield>
  <datafield tag="338" ind1=" " ind2=" ">
   <subfield code="a">online resource</subfield>
   <subfield code="2">rdacarrier</subfield>
  </datafield>
  <datafield tag="490" ind1="1" ind2=" ">
   <subfield code="a">Oxford handbooks online</subfield>
  </datafield>
  <datafield tag="504" ind1=" " ind2=" ">
   <subfield code="a">Includes bibliographical references and index.</subfield>
  </datafield>
  <datafield tag="505" ind1="0" ind2="0">
   <subfield code="t">How should votes be cast and counted? /</subfield>
   <subfield code="r">Nicolaus Tideman --</subfield>
   <subfield code="t">Choosing voting rules in the European Union /</subfield>
   <subfield code="r">Běla Plechanovová, Madeleine O. Hosli, Anatolij Plechanov --</subfield>
   <subfield code="t">Leviathan, taxation, and public goods /</subfield>
   <subfield code="r">Martin C. Mcguire --</subfield>
   <subfield code="t">Fiscal powers revisited: the Leviathan Model after 40 years /</subfield>
   <subfield code="r">Geoffrey Brennan, Hartmut Kliemt --</subfield>
   <subfield code="t">Are There Types of Dictatorship? /</subfield>
   <subfield code="r">Ronald Wintrobe --</subfield>
   <subfield code="t">Are there really dictatorships? The Selectorate and authoritarian governance /</subfield>
   <subfield code="r">Alejandro Quiroz Flores --</subfield>
   <subfield code="t">The coup: competition for offices in authoritarian regimes /</subfield>
   <subfield code="r">Toke Aidt, Gabriel Leon --</subfield>
   <subfield code="t">The logic of revoluions: Rational choice perspectives /</subfield>
   <subfield code="r">Timur Kuran, Diego Romero --</subfield>
   <subfield code="t">Direct democracy and public policy /</subfield>
   <subfield code="r">John Matsusaka --</subfield>
   <subfield code="t">Policy differences among parliamentary and presidential systems /</subfield>
   <subfield code="r">Sebastian M. Saiegh --</subfield>
   <subfield code="t">The significance of political parties /</subfield>
   <subfield code="r">Michael Munger --</subfield>
   <subfield code="t">Voters and representatives: How should representatives be selected? /</subfield>
   <subfield code="r">Thomas Braendle, Alois Stutzer --</subfield>
   <subfield code="t">The least dangerous branch? Public choice, constitutional courts, and democratic governance /</subfield>
   <subfield code="r">Georg Vanberg --</subfield>
   <subfield code="t">Challenges in Estimating the Effects of Constitutional Design on Public Policy /</subfield>
   <subfield code="r">Stefan Voigt, Jerg Gutmann --</subfield>
   <subfield code="t">The Political Economy of Taxation: Power, Structure, Redistribution /</subfield>
   <subfield code="r">Stanley L. Winer --</subfield>
   <subfield code="t">The politics of central bank independence /</subfield>
   <subfield code="r">Jakob DeHaan, Sylvester Eijffinger --</subfield>
   <subfield code="t">The Political Economy of Redistribution Policy /</subfield>
   <subfield code="r">Luna Bellani, Heinrich Ursprung --</subfield>
   <subfield code="t">Political participation and the welfare state /</subfield>
   <subfield code="r">Rainald Borck --</subfield>
   <subfield code="t">Institutions for Solving Commons Problems: Lessons and Implications for Institutional Design /</subfield>
   <subfield code="r">Paul Dragos Aligica, Michael E. Cox --</subfield>
   <subfield code="t">Rational Ignorance and Public Choice /</subfield>
   <subfield code="r">Ilya Somin --</subfield>
   <subfield code="t">Divided government: the king and the council /</subfield>
   <subfield code="r">George Tridimas --</subfield>
   <subfield code="t">Is government growth inevitable? /</subfield>
   <subfield code="r">Randall G. Holcombe --</subfield>
   <subfield code="t">The political economy of international organizations /</subfield>
   <subfield code="r">Axel Dreher, Valentin F. L</subfield>
  </datafield>
  <datafield tag="520" ind1="8" ind2=" ">
   <subfield code="a">The two volume Oxford Handbook of Public Choice provides a comprehensive overview of the Public Choice literature. Volume 2 covers constitutional political economy and applications of public-choice models to various policy areas. Part V has chapters on the architecture of governance, the theory of dictatorship, and the effects of the institutions of governance. Part VI discusses the politics of public policy, international public choice, public choice and history, and measurement issues. The volume touches on topics such as taxation, redistribution, federalism, and monetary policy. It ends with discussions of various methodological approaches, including extensions of the core models to account for altruism and trust, and overviews of measurement and estimation issues, and the use of experiments in public-choice research.</subfield>
  </datafield>
  <datafield tag="521" ind1=" " ind2=" ">
   <subfield code="a">Specialized.</subfield>
  </datafield>
  <datafield tag="588" ind1=" " ind2=" ">
   <subfield code="a">Description based on online resource; title from home page (viewed on February 5, 2019).</subfield>
  </datafield>
  <datafield tag="650" ind1=" " ind2="0">
   <subfield code="a">Social choice.</subfield>
  </datafield>
  <datafield tag="700" ind1="1" ind2=" ">
   <subfield code="a">Congleton, Roger D.,</subfield>
   <subfield code="e">editor.</subfield>
  </datafield>
  <datafield tag="700" ind1="1" ind2=" ">
   <subfield code="a">Grofman, Bernard,</subfield>
   <subfield code="e">editor.</subfield>
  </datafield>
  <datafield tag="700" ind1="1" ind2=" ">
   <subfield code="a">Voigt, Stefan,</subfield>
   <subfield code="e">editor.</subfield>
  </datafield>
  <datafield tag="776" ind1="0" ind2="8">
   <subfield code="i">Print version :</subfield>
   <subfield code="z">9780190469771</subfield>
  </datafield>
  <datafield tag="830" ind1=" " ind2="0">
   <subfield code="a">Oxford handbooks online.</subfield>
  </datafield>
  <datafield tag="856" ind1="4" ind2="0">
   <subfield code="3">Oxford handbooks online</subfield>
   <subfield code="u">http://dx.doi.org/10.1093/oxfordhb/9780190469771.001.0001</subfield>
   <subfield code="y">Plný text</subfield>
  </datafield>
  <datafield tag="856" ind1="4" ind2="2">
   <subfield code="u">https://knihovna.vse.cz/zdroje/oxford-handbooks-online-scholarly-research-reviews/?info</subfield>
   <subfield code="y">Informace o práci s e-knihami</subfield>
  </datafield>
  <datafield tag="BAS" ind1=" " ind2=" ">
   <subfield code="a">OXFORD</subfield>
  </datafield>
  <datafield tag="BAS" ind1=" " ind2=" ">
   <subfield code="a">EB</subfield>
  </datafield>
  <datafield tag="993" ind1=" " ind2=" ">
   <subfield code="x">NEPOSILAT</subfield>
   <subfield code="y">EB</subfield>
  </datafield>
 </record>
</collection>
